| 000 | 00528nam a2200157Ia 4500 | ||
|---|---|---|---|
| 005 | 20241127141340.0 | ||
| 008 | 231221s9999 xx 000 0 und d | ||
| 020 | _a9780471496083 | ||
| 082 | _a721.0913 TZO;1 R | ||
| 100 | _aTzonis, Alexander. Lefaivre, Liane. Stagno, Bruno. | ||
| 245 | 0 | _aTropical architecture : critical regionalism in the age of globalization | |
| 260 |
_c2001 _bJohn Wiley & Sons _aNew Jersey |
||
| 300 | _a309 | ||
| 650 | _aTropical,architecture,critical,regionalism,age,globalization | ||
| 942 | _cAR | ||
| 999 |
_c231839 _d231839 |
||